00866cam a2200253 i 45000010005000000030006000050050017000110080041000280100017000690200036000860200018001220400023001400500018001630820020001811000032002012450076002332600049003093000059003585050007004175200128004245210021005525210018005736500021005918494FISKH20250916081452.0750506s1975 njua j 000 0 eng  a 75011565  a0138516006 (lib. bdg.) :c$6.95 a9780138516000 aDLCcDLCdDLCbeng00aPZ8.1.D43bSt00a398.2/2/0945aE1 aDePaola, Tomie,d1934-2020.10aStrega Nona :ban old tale /cretold and illustrated by Tomie de Paola. aNew York : bSimon & Schuster Books, c1975. a30 unnumbered pages : bcolor illustrations ; c28 cm aR  aWhen Strega Nona leaves him alone with her magic pasta pot, Big Anthony is determined to show the townspeople how it works.8 a730 bLexile AD 8 aR bRaz-Plus  1aFolklorezItaly.